000 00253nam a2200097Ia 4500
001 1075838
005 20250827002245.0
008 250824s9999 xx 000 0 und d
245 0 _aŞEMSEDDİN SİVASİ
_cFATİH RAMAZAN SÜER
260 _bKETEBE YAYINLARI
999 _c1075838
_d1075838